000 00452nam a2200169Ia 4500
005 20250508151123.0
008 008 250505s9999 xx 000 0 eng d
037 _aTextual
040 _aFEDL
_beng
_cFEDL
041 _aeng
_2eng
084 _a309.54, IND
_qFEDL
245 0 _aFive year plan progress report for 1951-52 and 1952-53
260 _c1953
300 _a174p.
942 _cTEXL
_h309.54, IND
999 _c1327703
_d1327703